Score 0/139 Timer 10:00
0 Plays Today
Lines Station % Correct
MetropolitanAmersham
81.7%
NorthernMorden
81.6%
Metropolitan, PiccadillyRuislip
80.6%
CentralEpping
80.5%
PiccadillyCockfosters
79.4%
DistrictUpminster
78.8%
NorthernHigh Barnet
78.7%
District, Hammersmith & CityBarking
78.6%
DistrictWimbledon
78.3%
PiccadillyHeathrow Terminal 4
78.1%
Metropolitan, PiccadillyUxbridge
77.8%
Central, DLR (Stratford Branch), JubileeStratford
77.7%
District, Hammersmith & City, JubileeWest Ham
77.6%
District, CentralEaling Broadway
77.6%
MetropolitanWatford
77.6%
MetropolitanChesham
76.4%
NorthernEdgware
76.2%
PiccadillyHeathrow Terminal 5
75.9%
Metropolitan, JubileeWembley Park
75.4%
District, PiccadillyActon Town
75.3%
PiccadillyHeathrow Terminals 1, 2, 3
74.3%
CentralLeyton
73.8%
DistrictRichmond
72.8%
CentralWest Ruislip
72.3%
CentralLeytonstone
72%
PiccadillyHounslow West
71.9%
PiccadillyHounslow Central
71.6%
VictoriaWalthamstow Central
71.4%
PiccadillyHounslow East
71.2%
District, Hammersmith & CityEast Ham
70.9%
NorthernTooting Bec
69.9%
NorthernSouth Wimbledon
69.9%
NorthernTooting Broadway
69.5%
NorthernFinchley Central
69.5%
JubileeStanmore
69.1%
VictoriaSeven Sisters
68.1%
CentralRuislip Gardens
67.8%
NorthernGolders Green
67.7%
Metropolitan, PiccadillyRuislip Manor
67.6%
DistrictKew Gardens
67.1%
NorthernEast Finchley
67%
BakerlooHarrow & Wealdstone
66.8%
CentralWoodford
66.6%
JubileeKingsbury
66.6%
NorthernBalham
66.5%
District, PiccadillyEaling Common
66.5%
MetropolitanNorth Harrow
66.5%
Lines Station % Correct
Metropolitan, PiccadillyHillingdon
65.8%
DistrictUpminster Bridge
65.8%
PiccadillyNorthfields
65.7%
JubileeQueensbury
65.7%
PiccadillySouth Harrow
65.7%
CentralDebden
65.7%
DistrictSouthfields
65.4%
NorthernBurnt Oak
65.2%
NorthernMill Hill East
65.2%
DistrictDagenham Heathway
65.2%
DistrictDagenham East
64.9%
District, Hammersmith & CityUpton Park
64.7%
PiccadillyHatton Cross
64.7%
NorthernBrent Cross
64.6%
NorthernHendon Central
64.6%
Metropolitan, PiccadillyRayners Lane
64.3%
BakerlooWembley Central
64.2%
CentralChigwell
64.1%
MetropolitanHarrow-on-the-Hill
64.1%
Metropolitan, PiccadillyIckenham
64.1%
DistrictGunnersbury
63.9%
PiccadillyOsterley
63.7%
PiccadillySouth Ealing
63.6%
NorthernWest Finchley
63.4%
District, Hammersmith & CityPlaistow
63.3%
VictoriaTottenham Hale
63.3%
PiccadillyArnos Grove
63.3%
MetropolitanNorthwood
63.2%
NorthernColliers Wood
62.9%
DLR (Beckton & Woolwich Arsenal Branches), JubileeCanning Town
62.8%
CentralSouth Ruislip
62.8%
MetropolitanMoor Park
62.8%
NorthernHighgate
62.4%
VictoriaBlackhorse Road
62.4%
PiccadillySouthgate
62.4%
MetropolitanWest Harrow
62.3%
PiccadillyOakwood
61.9%
MetropolitanRickmansworth
61.5%
BakerlooKenton
61.4%
DistrictWimbledon Park
61.3%
NorthernTotteridge & Whetstone
61.3%
PiccadillyBoston Manor
61.2%
MetropolitanPinner
61.2%
CentralHainault
61%
MetropolitanCroxley
61%
JubileeNeasden
60.9%
CentralWest Acton
60.9%
Lines Station % Correct
DistrictUpney
60.5%
CentralBarkingside
60.5%
CentralHanger Lane
60%
CentralWanstead
59.9%
CentralSouth Woodford
59.1%
MetropolitanNorthwood Hills
59%
PiccadillyBounds Green
58.6%
Metropolitan, PiccadillyEastcote
58.4%
DistrictHornchurch
58.4%
PiccadillyPark Royal
58.3%
PiccadillyWood Green
58.3%
NorthernColindale
58.3%
MetropolitanNorthwick Park
58.3%
CentralLoughton
58.3%
MetropolitanChorleywood
57.9%
MetropolitanPreston Road
57.8%
JubileeDollis Hill
57.6%
PiccadillyNorth Ealing
57.5%
DistrictChiswick Park
57%
BakerlooSouth Kenton
56.9%
MetropolitanChalfont & Latimer
56.9%
CentralTheydon Bois
56.6%
CentralSnaresbrook
56.5%
CentralNewbury Park
56.4%
CentralGants Hill
56.4%
BakerlooNorth Wembley
55.9%
CentralGrange Hill
55.7%
DistrictElm Park
55.6%
PiccadillyTurnpike Lane
55.5%
PiccadillyAlperton
55.5%
PiccadillySudbury Town
55.2%
PiccadillySudbury Hill
55.1%
CentralBuckhurst Hill
54.6%
CentralGreenford
54.4%
CentralRedbridge
53.7%
CentralNortholt
53.6%
BakerlooHarlesden
53%
BakerlooStonebridge Park
51.6%
DistrictBecontree
51.3%
CentralPerivale
51.1%
JubileeCanons Park
50.4%
CentralFairlop
49.7%
BakerlooWillesden Junction
48.4%
NorthernWoodside Park
47.5%
CentralRoding Valley
47.5%

You're not logged in!

Compare scores with friends on all Sporcle quizzes.
OR
Log In

Sporcle TV

Today on Sporcle TV


Watch our educational content, quiz creation guides, and fun videos on Sporcle TV.

Show Comments

Extras

Top Quizzes Today


Score Distribution

Paid Content

Your Account Isn't Verified!

In order to create a playlist on Sporcle, you need to verify the email address you used during registration. Go to your Sporcle Settings to finish the process.

Report this User

Report this user for behavior that violates our Community Guidelines.

Details: